LEADER 01011nlm 2200277Ia 450 001 996573166603316 005 20240201142946.0 100 $a19851121d1653---- uy | 101 0 $aeng 102 $aUK 135 $adrcnu 200 1 $a<>paraphrase, and annotations upon all the books of the New Testament$ebriefly explaining all the difficult places thereof$fby H. Hammond .. 210 1 $aLondon$cPrinted by J. Flesher for Richard Royston ...$d1653 215 $aTesto elettronico (PDF) ( [6], xii, 1008, [18] p.) 230 $aBase dati testuale 300 $aErrata: pag. [18] 300 $aRiproduzione dell'originale conservata nella Union Theological Seminary Library, New York. 606 0 $aBibbia. Nuovo Testamento$2BNCF 676 $a226 700 1$aHAMMOND,$bHenry$f1605-1660.$0322258 801 0$aIT$bcba$cREICAT 912 $a996573166603316 959 $aEB 969 $aER 996 $aParaphrase and Annotations Upon All the Books of the New Testament$91876486 997 $aUNISA LEADER 01599nas 22004453a 450 001 9910679879603321 005 20240413030017.0 035 $a(CKB)991042733837320 035 $a(CONSER)cn-00301559- 035 $a(EXLCZ)99991042733837320 100 $a20000912b19982005 --- a 101 0 $aeng 181 $ctxt$2rdacontent 182 $cc$2rdamedia 183 $acr$2rdacarrier 200 00$aBar & beverage business magazine 210 $aWinnipeg $cMercury Publications$d[1998-2005] 215 $a1 online resource 300 $aTitle from cover. 311 08$aPrint version: Bar & beverage business magazine. 1492-6458 (DLC)cn 00301559 (OCoLC)1082706306 517 3 $aBar and beverage business magazine 531 $aBAR AND BEVERAGE BUSINESS MAGAZINE 531 0 $aBar beverage bus. mag. 606 $aBars (Drinking establishments)$zCanada$vPeriodicals 606 $aAlcoholic beverage industry$zCanada$vPeriodicals 606 $aAlcoholic beverage industry$2fast$3(OCoLC)fst00804362 606 $aBars (Drinking establishments)$2fast$3(OCoLC)fst00827779 607 $aCanada$2fast$1https://id.oclc.org/worldcat/entity/E39PBJkMHVW4rfVXPrhVP4VwG3 608 $aPeriodicals.$2fast 615 0$aBars (Drinking establishments) 615 0$aAlcoholic beverage industry 615 7$aAlcoholic beverage industry. 615 7$aBars (Drinking establishments) 676 $a647 686 $acci1icc$2lacc 906 $aJOURNAL 912 $a9910679879603321 920 $aexl_impl conversion 996 $aBar & beverage business magazine$93077394 997 $aUNINA